000 01609cam a22004574i 4500
003 PE-LiUPU
005 20250731173516.0
008 150616s r 000 0 d
020 _a0310750911
035 _a(Sirsi) i9780310750918
040 _aPE-LiUPU
_bspa
_cPE-LiUPU
_erda
049 _aPRUA
082 0 4 _a251.04
_bK56
_221
100 1 _aKinlaw, Dennis F.,
_eautor.
245 1 0 _aPreaching in the Spirit.
264 1 _aMichigan :
_bFrancis Asbury Press,
_c1985.
300 _a128 páginas ;
_c20 centímetros
336 _atext
_2rdacontent
337 _aunmediated
_2rdamedia
338 _avolume
_2rdacarrier
505 0 _aAttachment by detachment.- Called to work with god .- Built together for god's dwelling.- Relating the written word to the living word.- the law of the second witness.- the essential relationship- Epilogue: Being with Jesus.
526 _aSEG42
526 _aSEG41
526 _aSEG40
526 _aSEG39
526 _aP94
526 _aP87
526 _aP86
526 _aP85
526 _aP77
526 _aP76
526 _aP35
650 0 4 _aSERMONES - ENSAYOS.
910 _ajck
_bjvq
_cjck
942 _2ddc
_cBOOK
949 _a251.04 K56
_wDEWEY
_c1
_i41711
_lCCODEBUL1
_mBUL
_r0
_sY
_tBOOK
_u2015-6-16
_xTEOLOGIA
_zUNKNOWN
_0COMPRA
_o.STAFF. Colección General
994 _aC0
_bPEPRU
596 _a1
999 _a251.04 K56
_wDEWEY
_c59386
_i41711
_f2021-11-12
_g5
_lCCODEBUL1
_mBUL
_r0
_sY
_tBOOK
_u2015-6-16
_xTEOLOGIA
_zUNKNOWN
_0COMPRA
_o.STAFF. Colección General
_d59386
980 _81
_gALBERTO SANCHEZ Responsable de Automatización